[Event "Masters Tournament (MTO)"]
[Site "Biel, CH"]
[Date "2025.07.22"]
[Round "8"]
[White "Lacan Rus, David"]
[Black "Sowray, Peter J"]
[Result "1-0"]
[Board "17"]
[WhiteFideId "651023075"]
[BlackFideId "400971"]
[WhiteTitle "FM"]
[BlackTitle "FM"]
[WhiteElo "2369"]
[BlackElo "2211"]
[WhiteTeam "FRA"]
[BlackTeam "ENG"]
[WhiteClock "0:18:28"]
[BlackClock "0:11:07"]
[Variant "Standard"]

1. e4 {[%clk 1:40:57]}  d6 {[%clk 1:40:43]} 2. d4 {[%clk 1:40:28]}  Nf6 {[%clk 1:41:06]} 3. Nc3 {[%clk 1:41:28]}  g6 {[%clk 1:41:28]} 4. Bf4 {[%clk 1:41:49]}  c6 {[%clk 1:39:36]} 5. Qe2 {[%clk 1:40:28]}  Bg7 {[%clk 1:36:25]} 6. O-O-O {[%clk 1:38:54]}  O-O {[%clk 1:34:23]} 7. h4 {[%clk 1:37:54]}  Qa5 {[%clk 1:25:34]} 8. Kb1 {[%clk 1:30:59]}  b5 {[%clk 1:14:16]} 9. Qe3 {[%clk 1:15:48]}  e5 {[%clk 1:10:36]} 10. dxe5 {[%clk 1:21:31]}  dxe5 {[%clk 1:10:08]} 11. Bg5 {[%clk 1:21:35]}  Be6 {[%clk 1:01:55]} 12. b3 {[%clk 1:12:24]}  Ng4 {[%clk 0:57:59]} 13. Qe1 {[%clk 1:10:43]}  Nxf2 {[%clk 0:53:09]} 14. Qxf2 {[%clk 1:11:06]}  Qxc3 {[%clk 0:53:34]} 15. Nf3 {[%clk 1:11:13]}  Qa5 {[%clk 0:51:24]} 16. h5 {[%clk 1:07:30]}  f6 {[%clk 0:47:45]} 17. Bd2 {[%clk 1:07:51]}  Qc7 {[%clk 0:48:59]} 18. hxg6 {[%clk 1:00:46]}  hxg6 {[%clk 0:49:21]} 19. Nh4 {[%clk 0:55:07]}  f5 {[%clk 0:42:37]} 20. Nxg6 {[%clk 0:58:04]}  Rf6 {[%clk 0:42:27]} 21. Qg3 {[%clk 0:55:45]}  Bf7 {[%clk 0:27:00]} 22. Nxe5 {[%clk 0:39:37]}  Rg6 {[%clk 0:17:27]} 23. Nxg6 {[%clk 0:30:33]}  Qxg3 {[%clk 0:35:46]} 24. Ne7+ {[%clk 0:31:02]}  Kf8 {[%clk 0:36:05]} 25. Bb4 {[%clk 0:31:27]}  Ke8 {[%clk 0:19:52]} 26. Nxf5 {[%clk 0:26:25]}  Qg5 {[%clk 0:11:19]} 27. Nd6+ {[%clk 0:19:31]}  Kf8 {[%clk 0:15:08]} 28. Nb7+ {[%clk 0:18:44]}  Kg8 {[%clk 0:10:09]} 29. Rd8+ {[%clk 0:17:57]}  Be8 {[%clk 0:10:38]} 30. Rxe8+ {[%clk 0:17:54]}  Kf7 {[%clk 0:11:06]} 31. Nd6+ {[%clk 0:18:17]}  Kg6 {[%clk 0:10:45]} 32. Re6+ {[%clk 0:18:30]}  Bf6 {[%clk 0:11:05]} 33. e5 {[%clk 0:18:36]}  Nd7 {[%clk 0:10:54]} 34. Bd3+ {[%clk 0:18:55]}  Kg7 {[%clk 0:11:14]} 35. Rh7+ {[%clk 0:19:21]}  Kg8 {[%clk 0:11:07]} 36. Rxd7 {[%clk 0:18:28]}  Qg4 {[%clk 0:10:29]} 37. exf6 {[%clk 0:17:47]}  Qxe6 {[%clk 0:10:46]} 38. Rg7+ {[%clk 0:18:11]}  Kf8 {[%clk 0:11:07]} 39. Nb7+ {[%clk 0:18:28]} 1-0

[Event "Masters Tournament (MTO)"]
[Site "Biel, CH"]
[Date "2025.07.22"]
[Round "8"]
[White "Song, Ethan"]
[Black "Yang, Ray"]
[Result "1-0"]
[Board "18"]
[WhiteFideId "62900412"]
[BlackFideId "3220281"]
[WhiteTitle "FM"]
[BlackTitle "FM"]
[WhiteElo "2288"]
[BlackElo "2081"]
[WhiteTeam "CAN"]
[BlackTeam "AUS"]
[WhiteClock "0:24:43"]
[BlackClock "0:28:47"]
[Variant "Standard"]

1. e4 {[%clk 1:38:03]}  c5 {[%clk 1:40:56]} 2. Nf3 {[%clk 1:38:27]}  d6 {[%clk 1:41:21]} 3. Bb5+ {[%clk 1:38:53]}  Nd7 {[%clk 1:41:43]} 4. c4 {[%clk 1:39:19]}  Ngf6 {[%clk 1:41:15]} 5. Nc3 {[%clk 1:39:21]}  g6 {[%clk 1:41:38]} 6. O-O {[%clk 1:38:44]}  Bg7 {[%clk 1:42:02]} 7. d4 {[%clk 1:37:44]}  cxd4 {[%clk 1:42:13]} 8. Nxd4 {[%clk 1:37:50]}  O-O {[%clk 1:42:05]} 9. Bxd7 {[%clk 1:35:32]}  Bxd7 {[%clk 1:41:29]} 10. h3 {[%clk 1:31:30]}  Qb6 {[%clk 1:36:40]} 11. Nde2 {[%clk 1:29:34]}  Rfc8 {[%clk 1:28:36]} 12. Qd3 {[%clk 1:22:37]}  Qb4 {[%clk 1:30:53]} 13. b3 {[%clk 1:22:14]}  b5 {[%clk 1:28:56]} 14. cxb5 {[%clk 1:19:10]}  Nxe4 {[%clk 1:18:48]} 15. Nd5 {[%clk 1:11:32]}  Bxb5 {[%clk 1:24:45]} 16. Qe3 {[%clk 1:08:52]}  Bxe2 {[%clk 1:24:47]} 17. Nxb4 {[%clk 1:08:36]}  Bxf1 {[%clk 1:20:30]} 18. Qxe4 {[%clk 1:03:02]}  Bxa1 {[%clk 1:24:50]} 19. Nc6 {[%clk 1:00:37]}  Bd3 {[%clk 1:22:58]} 20. Nxe7+ {[%clk 1:00:38]}  Kh8 {[%clk 1:23:23]} 21. Qe3 {[%clk 0:54:13]}  Re8 {[%clk 1:22:05]} 22. Ba3 {[%clk 0:52:19]}  Rad8 {[%clk 1:21:47]} 23. Qc1 {[%clk 0:46:41]}  Be5 {[%clk 1:15:14]} 24. Nd5 {[%clk 0:46:34]}  Rc8 {[%clk 1:17:11]} 25. Qd2 {[%clk 0:43:59]}  Be4 {[%clk 1:17:14]} 26. Ne3 {[%clk 0:39:20]}  d5 {[%clk 1:09:06]} 27. Bb2 {[%clk 0:28:44]}  f6 {[%clk 1:01:48]} 28. Bxe5 {[%clk 0:39:22]}  fxe5 {[%clk 1:00:57]} 29. f3 {[%clk 0:35:56]}  Bb1 {[%clk 0:57:14]} 30. Qxd5 {[%clk 0:37:12]}  Bxa2 {[%clk 0:54:44]} 31. Ng4 {[%clk 0:31:30]}  Rb8 {[%clk 0:49:29]} 32. Nf6 {[%clk 0:34:44]}  Re7 {[%clk 0:47:38]} 33. Qd6 {[%clk 0:34:56]}  Rbb7 {[%clk 0:47:49]} 34. Nd5 {[%clk 0:34:08]}  Re8 {[%clk 0:46:08]} 35. Qa6 {[%clk 0:33:48]}  Rd7 {[%clk 0:45:58]} 36. Nf6 {[%clk 0:34:05]}  Rd1+ {[%clk 0:46:10]} 37. Kh2 {[%clk 0:34:31]}  Rf8 {[%clk 0:45:53]} 38. Ng4 {[%clk 0:32:30]}  Bxb3 {[%clk 0:44:41]} 39. Qa3 {[%clk 0:32:43]}  Rb8 {[%clk 0:43:16]} 40. Qe7 {[%clk 0:31:24]}  Rg8 {[%clk 0:38:33]} 41. Qxa7 {[%clk 0:26:21]}  Rg7 {[%clk 0:35:46]} 42. Qb8+ {[%clk 0:26:25]}  Bg8 {[%clk 0:36:08]} 43. Qe8 {[%clk 0:24:55]}  Rdd7 {[%clk 0:34:53]} 44. Nxe5 {[%clk 0:24:23]}  Rge7 {[%clk 0:29:57]} 45. Qf8 {[%clk 0:23:15]}  Rc7 {[%clk 0:27:50]} 46. g4 {[%clk 0:22:40]}  Re6 {[%clk 0:27:11]} 47. Kg3 {[%clk 0:22:21]}  Rce7 {[%clk 0:25:49]} 48. f4 {[%clk 0:21:43]}  Rg7 {[%clk 0:20:09]} 49. Qb8 {[%clk 0:17:53]}  Ree7 {[%clk 0:22:35]} 50. Kh4 {[%clk 0:16:49]}  h6 {[%clk 0:22:15]} 51. f5 {[%clk 0:09:19]}  gxf5 {[%clk 0:22:38]} 52. gxf5 {[%clk 0:09:34]}  Ra7 {[%clk 0:21:23]} 53. f6 {[%clk 0:06:40]}  Rgb7 {[%clk 0:17:40]} 54. Qf8 {[%clk 0:06:26]}  Kh7 {[%clk 0:15:01]} 55. Ng4 {[%clk 0:06:04]}  Be6 {[%clk 0:10:26]} 56. Qxh6+ {[%clk 0:05:58]}  Kg8 {[%clk 0:10:49]} 57. f7+ {[%clk 0:05:57]}  Kxf7 {[%clk 0:10:40]} 58. Qf6+ {[%clk 0:06:19]}  Ke8 {[%clk 0:11:06]} 59. Qxe6+ {[%clk 0:06:44]}  Kf8 {[%clk 0:10:35]} 60. Nf6 {[%clk 0:05:44]}  Kg7 {[%clk 0:08:30]} 61. Nh5+ {[%clk 0:04:56]}  Kf8 {[%clk 0:07:24]} 62. Kg5 {[%clk 0:04:18]}  Re7 {[%clk 0:05:32]} 63. Qh6+ {[%clk 0:02:59]}  Kf7 {[%clk 0:04:32]} 64. Qg7+ {[%clk 0:02:58]}  Ke6 {[%clk 0:04:49]} 65. Nf4+ {[%clk 0:03:20]}  Kd7 {[%clk 0:04:21]} 66. Qd4+ {[%clk 0:03:46]}  Ke8 {[%clk 0:04:17]} 67. Ng6 {[%clk 0:02:39]}  Ra5+ {[%clk 0:03:26]} 68. Kh6 {[%clk 0:02:27]}  Rea7 {[%clk 0:02:47]} 69. h4 {[%clk 0:02:29]}  Kf7 {[%clk 0:03:04]} 70. h5 {[%clk 0:02:21]}  Ke6 {[%clk 0:02:58]} 71. Qe4+ {[%clk 0:01:19]}  Kf7 {[%clk 0:02:54]} 72. Qf3+ {[%clk 0:01:11]}  Ke6 {[%clk 0:03:09]} 73. Nf8+ {[%clk 0:01:03]}  Ke5 {[%clk 0:02:16]} 74. Nd7+ {[%clk 0:28:11]}  Ke6 {[%clk 0:32:02]} 75. Qc6+ {[%clk 0:27:39]}  Ke7 {[%clk 0:32:15]} 76. Nc5 {[%clk 0:26:48]}  Kf8 {[%clk 0:31:57]} 77. Kg6 {[%clk 0:25:52]}  Rg7+ {[%clk 0:31:47]} 78. Kf6 {[%clk 0:25:44]}  Rf7+ {[%clk 0:32:06]} 79. Ke5 {[%clk 0:25:50]}  Re7+ {[%clk 0:31:39]} 80. Kd4 {[%clk 0:25:39]}  Raa7 {[%clk 0:31:39]} 81. Qf6+ {[%clk 0:25:26]}  Kg8 {[%clk 0:31:49]} 82. Ne6 {[%clk 0:24:37]}  Red7+ {[%clk 0:30:36]} 83. Kc4 {[%clk 0:24:32]}  Re7 {[%clk 0:28:49]} 84. Qf8+ {[%clk 0:24:48]}  Kh7 {[%clk 0:28:47]} 85. Ng5# {[%clk 0:24:43]} 1-0

[Event "Masters Tournament (MTO)"]
[Site "Biel, CH"]
[Date "2025.07.22"]
[Round "8"]
[White "Schlegel, Igor"]
[Black "Doraszelski, Alexander"]
[Result "0-1"]
[Board "19"]
[WhiteFideId "1334956"]
[BlackFideId "12996149"]
[WhiteTitle "FM"]
[WhiteElo "2275"]
[BlackElo "2154"]
[WhiteTeam "SUI"]
[BlackTeam "GER"]
[WhiteClock "0:19:18"]
[BlackClock "0:23:57"]
[Variant "Standard"]

1. e4 {[%clk 1:40:57]}  c5 {[%clk 1:38:38]} 2. Nf3 {[%clk 1:40:47]}  d6 {[%clk 1:38:59]} 3. d4 {[%clk 1:40:36]}  cxd4 {[%clk 1:39:22]} 4. Qxd4 {[%clk 1:39:47]}  Nc6 {[%clk 1:39:11]} 5. Qe3 {[%clk 1:39:20]}  Nf6 {[%clk 1:38:35]} 6. Be2 {[%clk 1:38:43]}  g6 {[%clk 1:38:32]} 7. h3 {[%clk 1:38:31]}  Bg7 {[%clk 1:39:21]} 8. O-O {[%clk 1:37:53]}  O-O {[%clk 1:39:15]} 9. Rd1 {[%clk 1:36:57]}  Be6 {[%clk 1:38:28]} 10. Nc3 {[%clk 1:19:06]}  Qb6 {[%clk 1:18:08]} 11. Qxb6 {[%clk 1:24:49]}  axb6 {[%clk 1:14:31]} 12. a3 {[%clk 1:12:43]}  Rfc8 {[%clk 1:12:12]} 13. Be3 {[%clk 1:11:49]}  Nd7 {[%clk 1:11:58]} 14. Nd4 {[%clk 0:58:12]}  Nxd4 {[%clk 1:09:47]} 15. Bxd4 {[%clk 0:57:42]}  Ne5 {[%clk 1:04:54]} 16. Rab1 {[%clk 0:42:25]}  Nc4 {[%clk 0:25:21]} 17. Nd5 {[%clk 0:40:44]}  Bxd5 {[%clk 0:40:45]} 18. exd5 {[%clk 0:36:30]}  Rc7 {[%clk 0:35:19]} 19. c3 {[%clk 0:28:09]}  Bxd4 {[%clk 0:28:53]} 20. Rxd4 {[%clk 0:26:45]}  b5 {[%clk 0:27:30]} 21. f4 {[%clk 0:22:26]}  Kg7 {[%clk 0:20:35]} 22. Bd3 {[%clk 0:19:15]}  Rac8 {[%clk 0:20:19]} 23. Kf2 {[%clk 0:17:43]}  Rc5 {[%clk 0:10:35]} 24. Be4 {[%clk 0:10:48]}  Rd8 {[%clk 0:09:52]} 25. g3 {[%clk 0:08:37]}  Rd7 {[%clk 0:03:08]} 26. Ke2 {[%clk 0:07:26]}  e5 {[%clk 0:02:58]} 27. dxe6 {[%clk 0:07:32]}  fxe6 {[%clk 0:00:30]} 28. Kd3 {[%clk 0:03:26]}  e5 {[%clk 0:00:05]} 29. fxe5 {[%clk 0:02:47]}  Rxe5 {[%clk 0:08:35]} 30. Kc2 {[%clk 0:01:10]}  Rf7 {[%clk 0:06:46]} 31. Re1 {[%clk 0:01:45]}  Rf2+ {[%clk 0:06:13]} 32. Kc1 {[%clk 0:00:28]}  Re6 {[%clk 0:04:54]} 33. b3 {[%clk 0:01:24]}  Na5 {[%clk 0:04:22]} 34. Rb4 {[%clk 0:00:52]}  Re5 {[%clk 0:03:51]} 35. Rd1 {[%clk 0:01:18]}  Nxb3+ {[%clk 0:01:02]} 36. Rxb3 {[%clk 0:01:12]}  Rxe4 {[%clk 0:01:26]} 37. Rxd6 {[%clk 0:00:39]}  Re3 {[%clk 0:01:05]} 38. Rd2 {[%clk 0:00:06]}  Rff3 {[%clk 0:00:45]} 39. Kb2 {[%clk 0:00:52]}  Rxg3 {[%clk 0:01:22]} 40. h4 {[%clk 0:30:00]}  Re5 {[%clk 0:30:53]} 41. a4 {[%clk 0:27:08]}  bxa4 {[%clk 0:29:56]} 42. Rxb7+ {[%clk 0:25:00]}  Kh6 {[%clk 0:28:45]} 43. Rdd7 {[%clk 0:23:52]}  Re2+ {[%clk 0:28:40]} 44. Ka3 {[%clk 0:22:07]}  Rxc3+ {[%clk 0:28:36]} 45. Kxa4 {[%clk 0:19:18]}  Re4+ {[%clk 0:23:57]} 46. Rb4 {[%clk 0:19:18]} 0-1

[Event "Masters Tournament (MTO)"]
[Site "Biel, CH"]
[Date "2025.07.22"]
[Round "8"]
[White "Lilliehook, Victor"]
[Black "Wuebker, Paul-Luca"]
[Result "1/2-1/2"]
[Board "20"]
[WhiteFideId "1752103"]
[BlackFideId "12939528"]
[BlackTitle "CM"]
[WhiteElo "2074"]
[BlackElo "2250"]
[WhiteTeam "SWE"]
[BlackTeam "GER"]
[WhiteClock "0:23:46"]
[BlackClock "0:08:23"]
[Variant "Standard"]

1. e4 {[%clk 1:40:58]}  c5 {[%clk 1:40:55]} 2. Nf3 {[%clk 1:41:23]}  d6 {[%clk 1:41:21]} 3. d4 {[%clk 1:41:51]}  cxd4 {[%clk 1:41:46]} 4. Nxd4 {[%clk 1:42:16]}  Nf6 {[%clk 1:42:10]} 5. Nc3 {[%clk 1:42:41]}  a6 {[%clk 1:42:35]} 6. f4 {[%clk 1:41:37]}  e5 {[%clk 1:42:38]} 7. Nf3 {[%clk 1:42:53]}  Nbd7 {[%clk 1:42:43]} 8. a4 {[%clk 1:43:14]}  Be7 {[%clk 1:43:04]} 9. Bc4 {[%clk 1:43:23]}  O-O {[%clk 1:43:08]} 10. O-O {[%clk 1:38:06]}  Nc5 {[%clk 1:26:33]} 11. fxe5 {[%clk 1:34:30]}  Nfxe4 {[%clk 1:19:32]} 12. Nd5 {[%clk 1:22:34]}  dxe5 {[%clk 1:23:52]} 13. Nxe5 {[%clk 1:13:13]}  Be6 {[%clk 1:21:53]} 14. b4 {[%clk 0:58:30]}  Nd7 {[%clk 1:17:00]} 15. Nxe7+ {[%clk 0:57:24]}  Qxe7 {[%clk 1:16:19]} 16. Nxd7 {[%clk 0:50:59]}  Bxc4 {[%clk 1:14:02]} 17. Re1 {[%clk 0:42:06]}  Rad8 {[%clk 1:11:42]} 18. Qd4 {[%clk 0:49:49]}  Rxd7 {[%clk 1:00:35]} 19. Qxc4 {[%clk 0:43:03]}  Re8 {[%clk 0:49:41]} 20. Ra3 {[%clk 0:33:39]}  Rc7 {[%clk 1:00:15]} 21. Qd5 {[%clk 0:15:31]}  Rxc2 {[%clk 0:43:36]} 22. Rf3 {[%clk 0:01:30]}  h6 {[%clk 0:36:05]} 23. Bxh6 {[%clk 0:23:35]}  gxh6 {[%clk 0:25:53]} 24. Rxe4 {[%clk 0:20:23]}  Qxe4 {[%clk 0:07:57]} 25. Qxf7+ {[%clk 0:23:53]}  Kh8 {[%clk 0:08:23]} 26. Qf6+ {[%clk 0:23:46]} 1/2-1/2

[Event "Masters Tournament (MTO)"]
[Site "Biel, CH"]
[Date "2025.07.22"]
[Round "8"]
[White "Chen, Zhi"]
[Black "Zhang, Haoxuan"]
[Result "1-0"]
[Board "21"]
[WhiteFideId "8619549"]
[BlackFideId "8641552"]
[WhiteElo "2246"]
[BlackElo "1979"]
[WhiteTeam "CHN"]
[BlackTeam "CHN"]
[WhiteClock "0:46:00"]
[BlackClock "0:03:28"]
[Variant "Standard"]

1. d4 {[%clk 1:40:57]}  d5 {[%clk 1:40:46]} 2. c4 {[%clk 1:41:17]}  c6 {[%clk 1:40:58]} 3. Nf3 {[%clk 1:41:17]}  Nf6 {[%clk 1:40:56]} 4. e3 {[%clk 1:41:28]}  e6 {[%clk 1:40:42]} 5. Nc3 {[%clk 1:41:46]}  Nbd7 {[%clk 1:40:53]} 6. Bd3 {[%clk 1:41:48]}  Bd6 {[%clk 1:40:14]} 7. O-O {[%clk 1:41:57]}  O-O {[%clk 1:39:26]} 8. e4 {[%clk 1:40:40]}  dxc4 {[%clk 1:37:26]} 9. Bxc4 {[%clk 1:41:04]}  e5 {[%clk 1:35:03]} 10. Bg5 {[%clk 1:32:20]}  h6 {[%clk 1:32:03]} 11. Bh4 {[%clk 1:32:14]}  Qe7 {[%clk 1:26:10]} 12. Re1 {[%clk 1:24:01]}  Rd8 {[%clk 1:22:24]} 13. Bg3 {[%clk 1:22:01]}  b5 {[%clk 1:05:13]} 14. Bb3 {[%clk 1:19:11]}  Bc7 {[%clk 0:53:47]} 15. Qc2 {[%clk 1:14:50]}  Ba6 {[%clk 0:47:06]} 16. Nd5 {[%clk 1:11:10]}  Nxd5 {[%clk 0:43:29]} 17. exd5 {[%clk 1:11:13]}  Ba5 {[%clk 0:41:44]} 18. Nxe5 {[%clk 1:04:58]}  Nxe5 {[%clk 0:37:10]} 19. Rxe5 {[%clk 1:04:52]}  Qd7 {[%clk 0:32:19]} 20. dxc6 {[%clk 0:59:39]}  Qxd4 {[%clk 0:31:19]} 21. Re7 {[%clk 0:58:59]}  Rf8 {[%clk 0:18:35]} 22. Rd1 {[%clk 0:58:29]}  Qf6 {[%clk 0:18:38]} 23. Rdd7 {[%clk 0:58:21]}  Rae8 {[%clk 0:15:57]} 24. Rxe8 {[%clk 0:48:43]}  Rxe8 {[%clk 0:16:20]} 25. h4 {[%clk 0:48:44]}  Re7 {[%clk 0:13:52]} 26. Rd6 {[%clk 0:48:37]}  Re1+ {[%clk 0:13:28]} 27. Kh2 {[%clk 0:49:03]}  Qe7 {[%clk 0:10:07]} 28. Rd7 {[%clk 0:49:16]}  Qe8 {[%clk 0:08:19]} 29. Rxa7 {[%clk 0:47:17]}  Qc8 {[%clk 0:06:30]} 30. Qg6 {[%clk 0:45:48]}  Kh8 {[%clk 0:03:28]} 31. Qxf7 {[%clk 0:46:00]} 1-0

[Event "Masters Tournament (MTO)"]
[Site "Biel, CH"]
[Date "2025.07.22"]
[Round "8"]
[White "Gut, Lionel"]
[Black "Kwiatkowski, Jakub"]
[Result "1-0"]
[Board "22"]
[WhiteFideId "1339966"]
[BlackFideId "1348736"]
[WhiteElo "2239"]
[BlackElo "2034"]
[WhiteTeam "SUI"]
[BlackTeam "SUI"]
[WhiteClock "0:33:14"]
[BlackClock "0:01:24"]
[Variant "Standard"]

1. d4 {[%clk 1:40:49]}  Nf6 {[%clk 1:40:51]} 2. c4 {[%clk 1:41:00]}  e6 {[%clk 1:41:13]} 3. Nc3 {[%clk 1:41:27]}  Bb4 {[%clk 1:41:36]} 4. e3 {[%clk 1:41:55]}  O-O {[%clk 1:41:56]} 5. Bd2 {[%clk 1:42:23]}  b6 {[%clk 1:42:05]} 6. Nf3 {[%clk 1:42:50]}  Bb7 {[%clk 1:42:27]} 7. Bd3 {[%clk 1:43:16]}  d6 {[%clk 1:42:38]} 8. O-O {[%clk 1:43:38]}  Nbd7 {[%clk 1:42:43]} 9. a3 {[%clk 1:44:04]}  Bxc3 {[%clk 1:43:04]} 10. Bxc3 {[%clk 1:44:31]}  Ne4 {[%clk 1:43:23]} 11. Be1 {[%clk 1:44:57]}  f5 {[%clk 1:42:54]} 12. b4 {[%clk 1:41:51]}  Rf6 {[%clk 0:52:56]} 13. Nd2 {[%clk 1:00:30]}  Nxd2 {[%clk 1:30:12]} 14. Qxd2 {[%clk 0:59:56]}  Rg6 {[%clk 1:19:51]} 15. f3 {[%clk 0:59:34]}  c5 {[%clk 1:10:31]} 16. Bg3 {[%clk 0:40:56]}  Qf6 {[%clk 0:44:02]} 17. Bc2 {[%clk 0:46:57]}  cxd4 {[%clk 0:33:23]} 18. exd4 {[%clk 0:46:42]}  e5 {[%clk 0:28:41]} 19. dxe5 {[%clk 0:44:19]}  Nxe5 {[%clk 0:28:05]} 20. Qf4 {[%clk 0:43:37]}  Rf8 {[%clk 0:18:44]} 21. Rad1 {[%clk 0:42:21]}  Qe6 {[%clk 0:17:50]} 22. c5 {[%clk 0:41:37]}  bxc5 {[%clk 0:11:55]} 23. bxc5 {[%clk 0:42:00]}  Qa2 {[%clk 0:01:59]} 24. Bb1 {[%clk 0:33:29]}  Qxa3 {[%clk 0:09:27]} 25. cxd6 {[%clk 0:33:54]}  Qc5+ {[%clk 0:08:36]} 26. Kh1 {[%clk 0:32:34]}  Nd7 {[%clk 0:05:10]} 27. Rc1 {[%clk 0:31:53]}  Qb5 {[%clk 0:04:58]} 28. Ba2+ {[%clk 0:31:44]}  Kh8 {[%clk 0:04:24]} 29. Rb1 {[%clk 0:28:58]}  Qa6 {[%clk 0:00:57]} 30. Bc4 {[%clk 0:32:26]}  Qc6 {[%clk 0:01:14]} 31. Bb5 {[%clk 0:32:50]}  Qc8 {[%clk 0:01:24]} 32. Rfc1 {[%clk 0:33:14]} 1-0

[Event "Masters Tournament (MTO)"]
[Site "Biel, CH"]
[Date "2025.07.22"]
[Round "8"]
[White "Chen, Muxi"]
[Black "Cervelli, Eduard"]
[Result "1-0"]
[Board "23"]
[WhiteFideId "8626073"]
[BlackFideId "1351800"]
[WhiteElo "2224"]
[BlackElo "2086"]
[WhiteTeam "CHN"]
[BlackTeam "SUI"]
[WhiteClock "0:10:24"]
[BlackClock "0:00:54"]
[Variant "Standard"]

1. e4 {[%clk 1:40:45]}  c5 {[%clk 1:39:57]} 2. Nf3 {[%clk 1:41:02]}  d6 {[%clk 1:40:19]} 3. d4 {[%clk 1:41:26]}  cxd4 {[%clk 1:40:35]} 4. Nxd4 {[%clk 1:41:45]}  Nf6 {[%clk 1:40:39]} 5. Nc3 {[%clk 1:42:04]}  a6 {[%clk 1:41:02]} 6. Be2 {[%clk 1:42:27]}  e5 {[%clk 1:41:24]} 7. Nb3 {[%clk 1:42:48]}  Be7 {[%clk 1:41:46]} 8. Be3 {[%clk 1:43:10]}  Be6 {[%clk 1:41:38]} 9. Nd5 {[%clk 1:43:32]}  Nbd7 {[%clk 1:41:20]} 10. Qd3 {[%clk 1:43:47]}  O-O {[%clk 1:41:23]} 11. O-O {[%clk 1:43:28]}  Bxd5 {[%clk 1:41:45]} 12. exd5 {[%clk 1:43:51]}  h5 {[%clk 1:42:09]} 13. h3 {[%clk 1:42:43]}  g6 {[%clk 1:42:30]} 14. c4 {[%clk 1:36:54]}  Rc8 {[%clk 1:42:54]} 15. a4 {[%clk 1:25:48]}  Nh7 {[%clk 1:39:33]} 16. a5 {[%clk 1:23:06]}  f5 {[%clk 1:37:46]} 17. f4 {[%clk 1:19:52]}  Bh4 {[%clk 1:37:56]} 18. Kh2 {[%clk 1:05:41]}  exf4 {[%clk 1:22:11]} 19. Bxf4 {[%clk 1:03:51]}  Ne5 {[%clk 1:21:13]} 20. Qc2 {[%clk 0:57:55]}  Qf6 {[%clk 1:11:58]} 21. Rad1 {[%clk 0:50:24]}  g5 {[%clk 1:10:13]} 22. Bc1 {[%clk 0:38:33]}  f4 {[%clk 1:10:22]} 23. Nd4 {[%clk 0:36:42]}  Bg3+ {[%clk 1:06:22]} 24. Kg1 {[%clk 0:30:03]}  g4 {[%clk 1:06:28]} 25. Ne6 {[%clk 0:29:20]}  f3 {[%clk 1:06:51]} 26. Bd3 {[%clk 0:24:00]}  f2+ {[%clk 0:48:13]} 27. Kh1 {[%clk 0:24:24]}  gxh3 {[%clk 0:47:04]} 28. Bxh7+ {[%clk 0:21:14]}  Kh8 {[%clk 0:47:26]} 29. Qe4 {[%clk 0:18:42]}  Rxc4 {[%clk 0:11:45]} 30. Bg5 {[%clk 0:18:20]}  Qf7 {[%clk 0:05:51]} 31. Qe2 {[%clk 0:17:54]}  hxg2+ {[%clk 0:03:56]} 32. Kxg2 {[%clk 0:18:21]}  Rg4 {[%clk 0:03:53]} 33. Rd4 {[%clk 0:14:01]}  Qxh7 {[%clk 0:00:54]} 34. Nxf8 {[%clk 0:13:44]}  Qf5 {[%clk 0:00:51]} 35. Rxg4 {[%clk 0:13:49]}  Nxg4 {[%clk 0:00:36]} 36. Qe8 {[%clk 0:10:20]}  Qxd5+ {[%clk 0:00:31]} 37. Kh3 {[%clk 0:10:06]}  Qf3 {[%clk 0:00:36]} 38. Ne6+ {[%clk 0:10:06]}  Kh7 {[%clk 0:00:54]} 39. Qxh5+ {[%clk 0:10:24]} 1-0

[Event "Masters Tournament (MTO)"]
[Site "Biel, CH"]
[Date "2025.07.22"]
[Round "8"]
[White "Rappazzo, Johannes"]
[Black "Gao, Kai"]
[Result "1/2-1/2"]
[Board "24"]
[WhiteFideId "1340069"]
[BlackFideId "8607770"]
[WhiteTitle "FM"]
[WhiteElo "2213"]
[BlackElo "1906"]
[WhiteTeam "SUI"]
[BlackTeam "CHN"]
[WhiteClock "0:01:21"]
[BlackClock "0:02:32"]
[Variant "Standard"]

1. e4 {[%clk 1:40:58]}  c6 {[%clk 1:40:55]} 2. d4 {[%clk 1:41:25]}  d5 {[%clk 1:41:08]} 3. e5 {[%clk 1:41:51]}  c5 {[%clk 1:41:07]} 4. Nf3 {[%clk 1:42:16]}  cxd4 {[%clk 1:41:09]} 5. Nxd4 {[%clk 1:42:42]}  Nc6 {[%clk 1:41:13]} 6. Nxc6 {[%clk 1:43:08]}  bxc6 {[%clk 1:41:40]} 7. Bd3 {[%clk 1:43:32]}  e6 {[%clk 1:41:57]} 8. O-O {[%clk 1:43:56]}  a5 {[%clk 1:42:08]} 9. Nd2 {[%clk 1:44:08]}  Ne7 {[%clk 1:39:01]} 10. Nf3 {[%clk 1:44:18]}  Ba6 {[%clk 1:37:45]} 11. Bxa6 {[%clk 1:44:19]}  Rxa6 {[%clk 1:38:13]} 12. c4 {[%clk 1:44:37]}  Nf5 {[%clk 1:20:06]} 13. Qe2 {[%clk 1:13:44]}  Rb6 {[%clk 1:11:26]} 14. cxd5 {[%clk 1:03:30]}  cxd5 {[%clk 1:07:13]} 15. Bd2 {[%clk 0:54:10]}  Bb4 {[%clk 1:03:54]} 16. a3 {[%clk 0:52:21]}  Bxd2 {[%clk 1:04:09]} 17. Qxd2 {[%clk 0:52:42]}  Rb5 {[%clk 0:57:14]} 18. b4 {[%clk 0:39:54]}  h5 {[%clk 0:31:49]} 19. Qd3 {[%clk 0:29:07]}  Qb6 {[%clk 0:29:52]} 20. h3 {[%clk 0:20:30]}  axb4 {[%clk 0:25:13]} 21. axb4 {[%clk 0:22:19]}  O-O {[%clk 0:20:03]} 22. g4 {[%clk 0:16:13]}  Ng3 {[%clk 0:23:44]} 23. Ng5 {[%clk 0:04:03]}  Ne4 {[%clk 0:24:03]} 24. Nxe4 {[%clk 0:03:49]}  dxe4 {[%clk 0:24:29]} 25. Qg3 {[%clk 0:02:19]}  h4 {[%clk 0:20:33]} 26. Qxh4 {[%clk 0:02:14]}  Rxe5 {[%clk 0:19:10]} 27. Qe7 {[%clk 0:00:12]}  e3 {[%clk 0:18:53]} 28. Qa7 {[%clk 0:01:03]}  exf2+ {[%clk 0:12:02]} 29. Rxf2 {[%clk 0:01:28]}  Qxb4 {[%clk 0:12:24]} 30. Raf1 {[%clk 0:01:24]}  f6 {[%clk 0:12:33]} 31. Qd7 {[%clk 0:00:44]}  Qb6 {[%clk 0:12:08]} 32. Kg2 {[%clk 0:00:52]}  Rd8 {[%clk 0:11:55]} 33. Qa4 {[%clk 0:01:16]}  Qb7+ {[%clk 0:11:38]} 34. Kh2 {[%clk 0:01:09]}  Qc7 {[%clk 0:11:43]} 35. Qf4 {[%clk 0:01:08]}  g5 {[%clk 0:09:42]} 36. Rc1 {[%clk 0:00:36]}  Qb8 {[%clk 0:10:02]} 37. Qg3 {[%clk 0:00:52]}  Kg7 {[%clk 0:04:42]} 38. Kg2 {[%clk 0:00:43]}  Qb7+ {[%clk 0:03:46]} 39. Kh2 {[%clk 0:00:58]}  Qb8 {[%clk 0:02:32]} 40. Kg2 {[%clk 0:01:21]} 1/2-1/2